| 000 | 00525 a2200205 4500 | ||
|---|---|---|---|
| 001 | 002300 | ||
| 003 | OSt | ||
| 005 | 20220113122924.0 | ||
| 008 | |||
| 020 | _a9780199219865 | ||
| 082 |
_a512.7 _bH22I |
||
| 100 | 1 | _aHardy, G.H. | |
| 245 | 1 |
_aAn introduction to the theory of numbers _cby G.H. Hardy and E.M. Wright |
|
| 250 | _a6th ed. | ||
| 260 |
_aNew York _bOxford University Press _c2008 |
||
| 300 | _a621p. | ||
| 653 | _aNumber theory | ||
| 700 | _aWright, E.M. | ||
| 942 |
_2ddc _cBK |
||
| 999 |
_c66 _d66 |
||